LIBRARY & INFORMATION CENTRE, KCAET, TAVANUR

ONLINE PUBLIC ACCESS CATALOGUE (OPAC)

Gautama Budhan / (Record no. 11670)

MARC details
000 -LEADER
fixed length control field 00387cam a2200157ua 4500
041 ## - LANGUAGE CODE
Language code of text/sound track or separate title eng
082 ## - DEWEY DECIMAL CLASSIFICATION NUMBER
Classification number 922.94
Item number RAD/GA
100 ## - MAIN ENTRY--AUTHOR NAME
Personal name Radhakrishnan, S .
245 ## - TITLE STATEMENT
Title Gautama Budhan /
260 ## - PUBLICATION, DISTRIBUTION, ETC. (IMPRINT)
Place of publication kottayam :
Name of publisher National book stall ,
Year of publication 1957.
300 ## - PHYSICAL DESCRIPTION
Number of Pages 82 ; .

No items available.

free website counter